La patria grande : la reunificación de Hispanoamérica, historia de una idea persistente /
Guardado en:
| Hovedforfatter: | |
|---|---|
| Format: | Bog |
| Sprog: | Spanish |
| Udgivet: |
Arequipa [Perú] :
Ediciones Instituto Bolívar,
2002.
|
| Fag: | |
| Tags: |
Tilføj Tag
Ingen Tags, Vær først til at tagge denne postø!
|
MARC
| LEADER | 00000cam a2200000 a 4500 | ||
|---|---|---|---|
| 001 | 16770255 | ||
| 005 | 20150126070053.0 | ||
| 008 | 101222s2002 pe r 000 0 spa | ||
| 040 | |a DLC |c DLC |d CRU CIICLA | ||
| 082 | |a 301.298 |b L735p | ||
| 100 | 1 | |a Linares Ocampo, Raúl. | |
| 245 | 1 | 3 | |a La patria grande : |b la reunificación de Hispanoamérica, historia de una idea persistente / |c Raúl Linares Ocampo. |
| 260 | |a Arequipa [Perú] : |b Ediciones Instituto Bolívar, |c 2002. | ||
| 300 | |a 597 páginas | ||
| 505 | |t La tarea histórica -- El potencial histórico -- La lucha histórica. | ||
| 650 | 1 | 4 | |a AMERICA LATINA |x HISTORIA |
| 650 | 0 | |a AMERICA LATINA |x POLITICA Y GOBIERNO | |
| 942 | |2 ddc |c BK | ||
| 999 | |c 3780 |d 3780 | ||
